Statistics for Ace Attorney All Characters Quiz

Click here to take the quiz!

General Stats

  • This quiz has been taken 351 times
  • The average score is 33 of 173

Answer Stats

First GameFirst CaseCharacter RoleAnswer% Correct
Apollo Justice:Ace AttorneyCase 1:Turnabout TrumpPlayable CharacterApollo Justice
77%
Phoenix Wright:Ace AttorneyCase 2:Turnabout SistersDefendant/SupportMaya Fey
76%
Phoenix Wright:Ace Attorney Justice for AllCase 3:Turnabout Big TopMurderer/WitnessAcro
72%
Phoenix Wright:Ace AttorneyCase 1:The First TurnaboutPlayable Character/DefendantPhoenix Wright
71%
Phoenix Wright:Ace AttorneyCase 2:Turnabout SistersWitnessApril May
69%
Phoenix Wright:Ace AttorneyCase 1:The First TurnaboutPlayable Character/MentorMia Fey
67%
Phoenix Wright:Ace Attorney Dual DestiniesCase 1:Turnabout CooldownPlayable Character/SupportAthena Cykes
63%
Phoenix Wright:Ace AttorneyCase 2:Turnabout SistersPlayable Character/Prosecutor/DefendantMiles Edgeworth
62%
Phoenix Wright:Ace AttorneyCase 2:Turnabout SistersDetectiveDick Gumshoe
58%
Phoenix Wright:Ace AttorneyCase 5:Rise from the AshesDetective/SupportEma Skye
55%
Phoenix Wright:Ace AttorneyCase 1:The First TurnaboutDefendant/WitnessLarry Butz
55%
Phoenix Wright:Ace Attorney Justice for AllCase 4:Farewell, my TurnaboutWitnessAdrian Andrews
52%
Phoenix Wright:Ace AttorneyCase 4:Turnabout GoodbyesProsecutor/MurdererManfred Von Karma
50%
Phoenix Wright:Ace Attorney Justice for AllCase 2:Reunion, and TurnaboutSupportPearl Fey
50%
Phoenix Wright:Ace Attorney Trials and TribulationsCase 2:The Stolen TurnaboutProsecutor/MurdererGodot
49%
Phoenix Wright:Ace AttorneyCase 2:Turnabout SistersMurderer/WitnessRedd White
49%
Phoenix Wright:Ace AttorneyCase 5:Rise from the AshesMurderer/WitnessDamon Gant
48%
Phoenix Wright:Ace Attorney Justice for AllCase 2:Reunion, and TurnaboutProsecutorFranziska Von Karma
48%
Phoenix Wright:Ace AttorneyCase 5:Rise from the AshesWitnessAngel Starr
47%
Phoenix Wright:Ace Attorney Trials and TribulationsCase 1:Turnabout MemoriesMurderer/WitnessDahlia Hawthorne
47%
Phoenix Wright:Ace AttorneyCase 5:Rise from the AshesProsecutor/DefendantLana Skye
45%
Phoenix Wright:Ace AttorneyCase 3:Turnabout SamuraiWitnessWendy Oldbag
44%
Apollo Justice:Ace AttorneyCase 2:Turnabout CornerSupportTrucy Wright
42%
Phoenix Wright:Ace AttorneyCase 1:The First TurnaboutMurdurer/WitnessFrank Sahwit
41%
Phoenix Wright:Ace AttorneyCase 1:The First TurnaboutVictimCindy Stone
40%
Phoenix Wright:Ace Attorney Justice for AllCase 3:Turnabout Big TopWitnessRegina Berry
39%
Apollo Justice:Ace AttorneyCase 2:Turnabout CornerMurderer/WitnessAlita Tiala
38%
Phoenix Wright:Ace AttorneyCase 3:Turnabout SamuraiDefendantWill Powers
36%
Phoenix Wright:Ace AttorneyCase 2:Turnabout SistersWitnessBellboy
35%
Phoenix Wright:Ace Attorney Justice for AllCase 3:Turnabout Big TopWitnessBen
35%
Phoenix Wright:Ace Attorney Justice for AllCase 2:Reunion, and TurnaboutWitnessMorgan Fey
35%
Phoenix Wright:Ace AttorneyCase 3:Turnabout SamuraiWitnessCody Hackins
34%
Apollo Justice:Ace AttorneyCase 2:Turnabout CornerProsecutorKlavier Gavin
34%
Apollo Justice:Ace AttorneyCase 1:Turnabout TrumpMurderer/Mentor for Apollo JusticeKristoph Gavin
34%
Phoenix Wright:Ace AttorneyCase 4:Turnabout GoodbyesWitnessLotta Hart
34%
Phoenix Wright:Ace AttorneyCase 1:The First TurnaboutJudgeJudge
33%
Phoenix Wright:Ace AttorneyCase 1:The First TurnaboutProsecutorWinston Payne
33%
Phoenix Wright:Ace AttorneyCase 5:Rise from the AshesVictimBruce Goodman
32%
Phoenix Wright:Ace Attorney Justice for AllCase 4:Farewell, my TurnaboutMurderer/DefendantMatt Engarde
32%
Phoenix Wright:Ace Attorney Dual DestiniesCase 2:The Monstrous TurnaboutProsecutorSimon Blackquill
32%
Phoenix Wright:Ace Attorney Spirit of JusticeCase 1:The Foreign TurnaboutDefendantAhlbi Ur'gaid
31%
Phoenix Wright:Ace Attorney Justice for AllCase 3:Turnabout Big TopSide CharacterBat
31%
Phoenix Wright:Ace AttorneyCase 5:Rise from the AshesWitnessJake Marshall
31%
Phoenix Wright:Ace AttorneyCase 4:Turnabout GoodbyesMurderer/WitnessYanni Yogi
29%
Phoenix Wright:Ace Attorney Trials and TribulationsCase 3:Recipe for TurnaboutMurderer/WitnessFurio Tigre
28%
Ace Attorney Investigations:Miles EdgworthCase 3:The Kidnapped TurnaboutSupportKay Faraday
28%
Phoenix Wright:Ace Attorney Justice for AllCase 2:Reunion, and TurnaboutDeceasedIni Miney
27%
Phoenix Wright:Ace Attorney Trials and TribulationsCase 2:The Stolen TurnaboutMurderer/WitnessLuke Atmey
26%
Phoenix Wright:Ace Attorney Justice for AllCase 2:Reunion, and TurnaboutMurderer/WitnessMimi Miney
26%
Phoenix Wright:Ace Attorney Justice for AllCase 4:Farewell, my TurnaboutAssasinShelly De Killer
26%
Phoenix Wright:Ace AttorneyCase 3:Turnabout SamuraiVictimJack Hammer
25%
Phoenix Wright:Ace AttorneyCase 3:Turnabout SamuraiSide CharacterSal Manella
25%
Phoenix Wright:Ace Attorney Justice for AllCase 4:Farewell, My TurnaboutVictimJuan Corrida
24%
Phoenix Wright:Ace Attorney Dual DestiniesCase 4:The Cosmic TurnaboutSide CharacterAura Blackquill
23%
Phoenix Wright:Ace Attorney Dual DestininesCase 4:The Cosmic TurnaboutVictimClay Terran
23%
Phoenix Wright:Ace Attorney Trials and TribulationsCase 5:Bridge to the TurnaboutVictimElise Deauxnim
22%
Phoenix Wright:Ace Attorney Dual DestiniesCase 1:Turnabout CooldownDefendantJuniper Woods
22%
Apollo Justice:Ace AttorneyCase 3:Turnabout SerenadeMurderer/WitnessDaryan Crescend
20%
Phoenix Wright:Ace Attorney Trials and TribulationsCase 2:The Stolen TurnaboutSide CharacterDesiree DeLite
20%
Phoenix Wright:Ace AttorneyCase 2:Turnabout SistersDefense Attorney/MentorMarvin Grossberg
20%
Ace Attorney Investigations:Miles EdgworthCase 4:Turnabout ReminiscenceMurdererCalisto Yew
19%
Phoenix Wright:Ace Attorney Trials and TribulationsCase 1:Turnabout MemoriesVictimDoug Swallow
19%
Ace Attorney Investigations:Miles EdgworthCase 2:Turnabout AirlinesMurdererCammy Meele
18%
Phoenix Wright:Ace Attorney Dual DestiniesCase 1:Turnabout CooldownProsecutorGaspen Payne
18%
Phoenix Wright:Ace AttorneyCase 3:Turnabout SamuraiSide CharacterPenny Nichols
18%
Phoenix Wright:Ace Attorney Trials and TribulationsCase 2:The Stolen TurnaboutDefendantRon DeLite
17%
Phoenix Wright:Ace Attorney Justice for AllCase 4:Farewell, My TurnaboutDeceasedCeleste Inpax
16%
Phoenix Wright:Ace Attorney Dual DestiniesCase 2:The Monstrous TurnaboutMurderer/WitnessFlorent L'Belle
16%
Phoenix Wright:Ace AttorneyCase 5:Rise from the AshesWitnessMike Meekins
16%
Phoenix Wright:Ace Attorney Justice for AllCase 1:The Lost TurnaboutMurderer/WitnessRichard Wellington
16%
Phoenix Wright:Ace Attorney Trials and TribulationsCase 5:Bridge to the TurnaboutDefendantSister Iris
16%
Apollo Justice:Ace AttorneyCase 2:Turnabout CornerDefendantWocky Kitaki
16%
Phoenix Wright:Ace Attorney Dual DestiniesCase 1:Turnabout CooldownVictimCandice Arme
15%
Phoenix Wright:Ace AttorneyCase 4:Turnabout GoodbyesVictimRobert Hammond
15%
Phoenix Wright:Ace Attorney Trials and TribulationsCase 5:Bridge to the TurnaboutWitnessSister Bikini
15%
Apollo Justice:Ace AttorneyCase 4:Turnabout SuccessionDefendantVera Misham
15%
Ace Attorney Investigations:Miles EdgworthCase 2:Turnabout AirlinesVictimAkbey Hicks
14%
Phoenix Wright:Ace Attorney Dual DestiniesCase 2:The Monstrous TurnaboutMurderer/WitnessBobby Fulbright
14%
Phoenix Wright:Ace Attorney Dual DestiniesCase 2:The Monstrous TurnaboutDefendantDamien Tenma
14%
Phoenix Wright:Ace Attorney Justice for AllCase 1:The Lost TurnaboutVictimDustin Prince
14%
Phoenix Wright:Ace Attorney Trials and TribulationsCase 3:Recipe for TurnaboutWitnessJean Armstrong
14%
Phoenix Wright:Ace Attorney Spirit of JusticeCase 2:The Magical TurnaboutProsecutor/DefendantNahyuta Sahdmadhi
14%
Phoenix Wright:Ace Attorney Justice for AllCase 2:Reunion, and TurnaboutVictimTurner Grey
14%
Phoenix Wright:Ace Attorney Trials and TribulationsCase 3:Recipe for TurnaboutVictimGlen Elg
13%
Apollo Justice:Ace AttorneyCase 3:Turnabout SerenadeWitnessLamiroir
13%
Phoenix Wright:Ace Attorney Trials and TribulationsCase 4:Turnabout BegginingsDefendantTerry Fawles
13%
Phoenix Wright:Ace Attorney Dual DestiniesCase 4:The Cosmic TurnaboutWitnessYuri Cosmos
13%
Phoenix Wright:Ace Attorney Dual DestininesCase 3:Turnabout AcademyVictimConstance Courte
12%
Phoenix Wright:Ace AttorneyCase 3:Turnabout SamuraiMurderer/WitnessDee Vasques
12%
Phoenix Wright:Ace Attorney Justice for AllCase 2:Reunion, and Turnabout"Doctor"Director Hotti
12%
Phoenix Wright:Ace Attorney Dual DestiniesCase 2:The Monstrous TurnaboutWitnessJinxie Tenma
12%
Phoenix Wright:Ace Attorney Justice for AllCase 3:Turnabout Big TopWitnessMoe the Clown
12%
Ace Attorney Investigations:Miles EdgworthCase 3:The Kidnapped TurnaboutWitnessShi-Long Lang
12%
Phoenix Wright:Ace Attorney Dual DestiniesCase 1:Turnabout CooldownMurderer/WitnessTed Tonate
12%
Phoenix Wright:Ace Attorney Spirit of JusticeCase 5:Turnabout RevolutionVictimArchie Buff
11%
Phoenix Wright:Ace Attorney Spirit of JusticeCase 2:The Magical TurnaboutWitnessBonny De Famme
11%
Phoenix Wright:Ace Attorney Spirit of JusticeCase 4:Turnabout StorytellerDefendantBucky Whet
11%
Ace Attorney Investigations:Miles EdgworthCase 4:Turnabout ReminiscenceVictimDeid Mann
11%
Phoenix Wright:Ace Attorney Trials and TribulationsCase 3:Recipe for TurnaboutSide CharacterViola Cadaverini
11%
Apollo Justice:Ace AttorneyCase 4:Turnabout SuccesionSide CharacterZak Gramarye
11%
Ace Attorney Investigations:Miles EdgworthCase 1:Turnabout VisitorVictimBuddy Faith
10%
Ace Attorney Investigations:Miles EdgworthCase 5:Turnabout AblazeWitnessQuercus Alba
10%
Phoenix Wright:Ace Attorney Dual DestiniesCase 3:Turnabout AcademyWitnessRobin Newman
10%
Phoenix Wright:Ace Attorney Dual DestininesCase 5:Turnabout for TomorrowVictimMetis Cykes
9%
Apollo Justice:Ace AttorneyCase 2:Turnabout CornerSide CharacterPlum Kitaki
9%
Phoenix Wright:Ace Attorney Trials and TribulationsCase 3:Recipe for TurnaboutWitnessVictor Kudo
9%
Phoenix Wright:Ace Attorney Spirit of JusticeCase 3:The Right of TurnaboutSide CharacterBeh'leeb Inmee
8%
Phoenix Wright:Ace Attorney Spirit of JusticeCase 3:The Right of TurnaboutDefendantDatz Are'bal
8%
Phoenix Wright:Ace Attorney Trials and TribulationsCase 2:The Stolen TurnaboutVictimKane Bullard
8%
Ace Attorney Investigations:Miles EdgworthCase 4:Turnabout ReminiscenceVictimMack Rell
8%
Apollo Justice:Ace AttorneyCase 3:Turnabout SerenadeMurderer/WitnessValant Gramarye
8%
Phoenix Wright:Ace Attorney Spirit of JusticeCase 5:Turnabout RevolutionProsecutor/MurdererGa'ran Sigatar Khura'in
7%
Apollo Justice:Ace AttorneyCase 2:Turnabout CornerSide CharacterGuy Eldoon
7%
Phoenix Wright:Ace Attorney Trials and TribulationsCase 3:Recipe for TurnaboutSide CharacterLisa Basil
7%
Apollo Justice:Ace AttorneyCase 1:Turnabout TrumpWitnessOlga Orly
7%
Apollo Justice:Ace AttorneyCase 2:Turnabout CornerVictimPal Meraktis
7%
Ace Attorney Investigations:Miles EdgworthCase 2:Turnabout AirlinesWitnessRhoda Teneiro
7%
Apollo Justice:Ace AttorneyCase 1:Turnabout TrumpVictimShadi Smith
7%
Phoenix Wright:Ace Attorney Dual DestiniesCase 4:The Cosmic TurnaboutSide CharacterClonco
6%
Phoenix Wright:Ace Attorney Dual DestiniesCase 3:Turnabout AcademyWitnessHugh O'Conner
6%
Ace Attorney Investigations:Miles EdgworthCase 1:Turnabout VisitorMurdererJacques Portsman
6%
Phoenix Wright:Ace Attorney Justice for AllCase 1:The Lost TurnaboutDefendantMaggey Bryde
6%
Phoenix Wright:Ace Attorney Dual DestiniesCase 2:The Monstrous TurnaboutWitnessPhineas Filch
6%
Phoenix Wright:Ace Attorney Dual DestiniesCase 4:The Cosmic TurnaboutSide CharacterPonco
6%
Phoenix Wright:Ace Attorney Spirit of JusticeCase 2:The Magical TurnaboutMurderer/WitnessRoger Retinz
6%
Phoenix Wright:Ace Attorney Dual DestiniesCase 6:Turnabout ReclaimedWitnessSasha Buckler
6%
Apollo Justice:Ace AttorneyCase 4:Turnabout SuccessionWitnessSpark Brushel
6%
Ace Attorney Investigations:Miles EdgworthCase 4:Turnabout ReminiscenceWitnessTyrell Badd
6%
Apollo Justice:Ace AttorneyCase 2:Turnabout CornerWitnessWesley Stickler
6%
Phoenix Wright:Ace Attorney Spirit of JusticeCase 1:The Foreign TurnaboutVictimInga Karkhuul Khura'in
5%
Phoenix Wright:Ace Attorney Dual DestininesCase 2:The Monstrous TurnaboutVictimRex Kyubi
5%
Ace Attorney Investigations:Miles EdgworthCase 3:The Kidnapped TurnaboutWitnessShih-na
5%
Phoenix Wright:Ace Attorney Spirit of JusticeCase 3:The Right of TurnaboutVictimTahrust Inmee
5%
Ace Attorney Investigations:Miles EdgworthCase 5:Turnabout AblazeWitnessColias Palaeno
4%
Phoenix Wright:Ace Attorney Spirit of JusticeCase 4:Turnabout StorytellerMurderer/WitnessGeiru Toneido
4%
Ace Attorney Investigations:Miles EdgworthCase 4:Turnabout ReminiscenceWitnessManny Coachen
4%
Phoenix Wright:Ace Attorney Dual DestiniesCase 6:Turnabout ReclaimedWitnessMarlon Rimes
4%
Ace Attorney Investigations:Miles EdgworthCase 2:Turnabout AirlinesWitnessZinc Lablanc
4%
Phoenix Wright:Ace Attorney Dual DestiniesCase 3:Turnabout AcademyMurderer/WitnessAristole Means
3%
Ace Attorney Investigations:Miles EdgworthCase 4:Turnabout ReminiscenceVictimBryne Faraday
3%
Ace Attorney Investigations:Miles EdgworthCase 3:The Kidnapped TurnaboutWitnessErnest Amano
3%
Ace Attorney Investigations:Miles EdgworthCase 3:The Kidnapped TurnaboutMurdererLance Amano
3%
Ace Attorney Investigations:Miles EdgworthCase 3:The Kidnapped TurnaboutWitnessLauren Paups
3%
Phoenix Wright:Ace AttorneyCase 4:Turnabout GoodbyesWitnessPolly the Parrot
3%
Phoenix Wright:Ace Attorney Dual DestiniesCase 6:Turnabout ReclaimedWitnessHerman Crab
2%
Ace Attorney Investigations:Miles EdgworthCase 5:Turnabout AblazeVictimKa-Shi Nou
2%
Phoenix Wright:Ace Attorney Spirit of JusticeCase 2:The Magical TurnaboutVictimManov Mistree
2%
Phoenix Wright:Ace Attorney Spirit of JusticeCase 5:Turnabout RevolutionSide CharacterNayna
2%
Phoenix Wright:Ace Attorney Dual DestiniesCase 6:Turnabout ReclaimedWitnessNorma DePlume
2%
Phoenix Wright:Ace Attorney Spirit of JusticeCase 1:The Foreign TurnaboutVictimPaht Rohl
2%
Phoenix Wright:Ace Attorney Spirit of JusticeCase 1:The Foreign TurnaboutMurderer/WitnessPees'lubn Andistan'dhin
2%
Phoenix Wright:Ace Attorney Spirit of JusticeCase 6:Turnabout Time TravelerWitnessPierce Nichody
2%
Phoenix Wright:Ace Attorney Dual DestiniesCase 4:The Cosmic TurnaboutDefendantSoloman Starbuck
2%
Phoenix Wright:Ace Attorney Spirit of JusticeCase 6:Turnabout Time TravelerWitnessSorin Sprocket
2%
Phoenix Wright:Ace Attorney Justice for AllCase 3:Turnabout Big TopVictimThe Ringmaster
2%
Phoenix Wright:Ace Attorney Spirit of JusticeCase 5:Turnabout RevolutionDefendantDhuruke Sahdmadhi
1%
Apollo Justice:Ace AttorneyCase 4:Turnabout SuccesionVictimDrew Mishan
1%
Phoenix Wright:Ace Attorney Dual DestininesCase 6:Turnabout ReclaimedVictimJack Shipey
1%
Phoenix Wright:Ace Attorney Justice for AllCase 3:Turnabout Big TopDefendantMaximillion Galactia
1%
Ace Attorney Investigations:Miles EdgworthCase 3:The Kidnapped TurnaboutWitnessOliver Deacon
1%
Phoenix Wright:Ace Attorney Spirit of JusticeCase 5:Turnabout RevolutionMurderer/WitnessPaul Atishon-Wimperson
1%
Phoenix Wright:Ace Attorney Dual DestiniesCase 6:Turnabout ReclaimedPenguinRifle
1%
Phoenix Wright:Ace Attorney Spirit of JusticeCase 4:Turnabout StorytellerVictimTaifu Toneido
1%
Phoenix Wright:Ace Attorney Trials and TribulationsCase 4:Turnabout BegginingsVictimValerie Hawthrone
1%
Apollo Justice:Ace AttorneyCase 3:Turnabout SerenadeDefendantMachi Tobayne
0%
Phoenix Wright:Ace Attorney Dual DestiniesCase 3:Turnabout AcademyWitnessMyrian Scuttlebutt
0%
Phoenix Wright:Ace Attorney Dual DestiniesCase 6:Turnabout ReclaimedDefendantOra Shipey
0%
Phoenix Wright:Ace Attorney Spirit of JusticeCase 3:The Right of TurnaboutVictimPuhray Zeh'lot
0%
Phoenix Wright:Ace Attorney Spirit of JusticeCase 1:The Foreign TurnaboutSide CharacterRafya Padma Khura'in
0%
Apollo Justice:Ace AttorneyCase 3:Turnabout SerenadeVictimRomeian LeTouse
0%
Phoenix Wright:Ace Attorney Spirit of JusticeCase 5:Turnabout RevolutionWitnessSeargant Buff
0%
Phoenix Wright:Ace Attorney Spirit of JusticeCase 6:Turnabout Time TravelerWitnessSelena Sprocket
0%
Phoenix Wright:Ace Attorney Spirit of JusticeCase 4:Turnabout StorytellerWitnessUnedo Toneido
0%

Score Distribution

Percentile by Number Answered

Percent of People with Each Score

Your Score History

You have not taken this quiz